Kontroľ v technologii mikroelektroniki

Enregistré dans:
Détails bibliographiques
Auteurs principaux: Koleško, Vladimir M (Auteur), Gojdenko, P.P (Auteur), Bujko, L.D (Auteur)
Format: Livre
Langue:russe
Publié: Minsk : Nauka, 1979
Tags: Ajouter un tag
Pas de tags, Soyez le premier à ajouter un tag!

MARC

LEADER 00000nam a22000003a 4500
001 stu189026
005 20150617225606.4
008 090827s1979----xxr-----------------rus-d
040 |a STU  |b slo 
041 0 |a rus 
044 |a xxr 
080 |a 621.382 
100 1 |a Koleško, Vladimir M  |4 aut 
245 1 |a Kontroľ v technologii mikroelektroniki 
260 |a Minsk :  |b Nauka,  |c 1979 
300 |a 311 s 
700 1 |a Gojdenko, P.P.  |4 aut 
700 1 |a Bujko, L.D.  |4 aut 
996 |b E44789  |c E*44789  |l EE10  |s P  |a 0  |w stu189026_0001